№ 1; Кабель-NEWS

Xehetasun bibliografikoak
Parent link:Кабель-NEWS: Информационно-аналитическое издание. № 1.— , 2010-
Hizkuntza:errusiera
Argitaratua: 2013
Formatua: Liburua
KOHA link:https://koha.lib.tpu.ru/cgi-bin/koha/opac-detail.pl?biblionumber=503108

MARC

LEADER 00000nam2a2200000 4500
001 503108
005 20231101102516.0
035 |a (RuTPU)RU\TPU\prd\173718 
090 |a 503108 
100 |a 20130408a20099999k y0rusy50 ca 
101 0 |a rus 
102 |a RU 
200 0 |a № 1 
210 |d 2013 
461 1 |0 (RuTPU)RU\TPU\prd\77733  |t Кабель-NEWS  |o Информационно-аналитическое издание  |v № 1  |d 2010- 
801 0 |a RU  |b 63413507  |c 20010227  |g PSBO 
801 1 |a RU  |b 63413507  |c 20130408 
801 2 |a RU  |b 63413507  |c 20230504  |g RCR 
942 |c BK 
999 |a НТБ_ТПУ  |b НФ  |e -1/20130109  |p П-9460  |s 5/20121010  |u 0,00  |v 1